000 00283nam a2200121Ia 4500
008 191201s2013 xx 000 0 und d
100 _aKOEGELBUFORD, John F.
245 0 _aMultimedia Systems
260 _aN. Delhi
_bPearson
_c2013
300 _a462
650 _aMCA
942 _2ddc
_cBK
999 _c6401
_d6401